000 00239nam a2200097Ia 4500
001 1211324
005 20250827024434.0
008 250824s9999 xx 000 0 und d
245 0 _aGECE SESLERİ
_cAYŞE KULİN
260 _bEVEREST YAYINLARI
999 _c1211324
_d1211324